Posúdenie možnej existencie vratnosti dynamických informačných systémov a procesov

Zamýšľanie sa nad vratnosťou a nevratnosťou dynamických systémov. Pravdepodobnostná štruktúra informačného procesu.

Gespeichert in:
Bibliographische Detailangaben
1. Verfasser: Turňa, Ľubomír
Format: Buchkapitel
Sprache:Slowakisch
Schlagworte:
Tags: Tag hinzufügen
Keine Tags, Fügen Sie das erste Tag hinzu!

MARC

LEADER 00000nla$a2200000$$$4500
001 0114235
005 20240502072255.1
041 0 |a slo 
044 |a SK 
245 1 0 |a Posúdenie možnej existencie vratnosti dynamických informačných systémov a procesov  |c Ľubomír Turňa 
520 |a Zamýšľanie sa nad vratnosťou a nevratnosťou dynamických systémov. Pravdepodobnostná štruktúra informačného procesu. 
610 2 0 |a informatika aplikovaná 
610 2 0 |a informácie 
610 2 0 |a entropia 
610 2 0 |a algoritmy 
610 2 0 |a systémy informačné 
100 1 |a Turňa, Ľubomír